David Bowie Songs Sudden Death - Statistiken

Allgemein
  • Dieses Quiz wurde 76 mal gespielt
  • Das Durchschnittsergebnis liegt bei 10 aus 19
Answers on the Grid
Answers color-coded by a green-red scale on the quiz's grid according to % correct below.
Heroes
Rocket Man
The Man Who Sold the World
Ziggy Stardust
Perfect Day
Starman
Song 2
Criminal World
Man on the Moon
Changes
Lazarus
Suffragette City
The Passenger
Modern Love
Walking in the Moon
Life in Mars?
Moonage Daydream
Yesterday
Planet Queen
Fame
China Girl
Dont Stop Me Now
London Calling
Rebel Rebel
Enjoy the Silence
Under Pressure
Sound and Vision
Lets Dance
Space Oddity
Ashes to Ashes
 
Antwortstatistiken
Antwort % Korrekt
Heroes
86%
Ziggy Stardust
78%
Space Oddity
72%
Lets Dance
68%
China Girl
62%
Ashes to Ashes
58%
Starman
58%
The Man Who Sold the World
52%
Life in Mars?
50%
Under Pressure
50%
Rebel Rebel
46%
Suffragette City
46%
Lazarus
44%
Changes
42%
Moonage Daydream
38%
Sound and Vision
38%
Modern Love
34%
Fame
32%
Criminal World
20%
Keine übereinstimmenden Quizze gefunden
Verteilung der Resultate
Anzahl Personen mit jedem Resultat
Perzentil nach korrekt beantworteten Fragen
Ihre Resultats-Entwicklung
Sie haben dieses Quiz noch nicht gespielt